000 00632nam a2200169 a 4500
001 BRCA_4188
005 20190320204558.0
008 130510s2008----mx-a######---#000-0#spa-#
041 _aspa
044 _amx
050 4 _aCD921
_b.A33 2008
245 1 0 _aADABI : Apoyo al Desarrollo de Archivos y Bibliotecas de México
_binforme ejecutivo 2003-2008 : vestigios y permanencia.
260 _aMéxico
_bApoyo al Desarrollo de Archivos y Bibliotecas de México
_c[2008]
300 _a96 p.
_bil. a color
_c28 cm.
610 2 4 _aApoyo al Desarrollo de Archivos y Bibliotecas de México (Ciudad de México)
_xInformes
_910800
942 _2lcc
_cB
999 _c3904
_d3904